特急「しおかぜ / いしづち」の停車駅 - Statistics

General Stats
  • This quiz has been taken 97 times
  • The average score is 15 of 18
Answer Stats
特急 停車駅 % Correct
いしづち 高松
99%
両方 松山
99%
しおかぜ 岡山
96%
両方 宇多津
96%
いしづち 坂出
95%
しおかぜ 児島
94%
両方 丸亀
94%
両方 多度津
94%
両方 観音寺
93%
両方 今治
93%
両方 伊予西条
92%
両方 新居浜
87%
両方 伊予北条
75%
両方 川之江
73%
両方 伊予三島
72%
両方 詫間
65%
両方 壬生川
58%
両方 高瀬
56%
No matching quizzes found
Score Distribution
Percent of People with Each Score
Percentile by Number Answered
Your Score History
You have not taken this quiz